000 00531nam a2200169 u 4500
001 000020481
005 20200930011122.0
008 100809s199u dr a r 000 0 spa d
040 _aDO-SdBNP
_bspa
_cBNPHU
082 _axxxx
_bA795h
100 1 _aArvelo, Jackelyn
_d1963-
_943167
245 1 0 _aHistoria de Santo Domingo :
_b3,000 A. C. - 1586 /
_cJackelyn Arvelo.
260 _aSanto Domingo :
_bMundilibro,
_c[199?].
300 _a144 p :
_bil. ;
_c210 cm.
590 _aInventariado, 2019/ YL
500 _aIncluye indice onomástico
999 _c19985
_d19985